Information Obligations and Disinformation of Consumers

This book focuses on recent developments in consumer law, specifically addressing mandatory disclosures and the topical problem of information overload. It provides a comparative analysis based on national reports from countries with common law and civil law traditions in Asia, America and Europe, a...

Full description

Bibliographic Details
Corporate Author: SpringerLink (Online service)
Other Authors: Straetmans, Gert (Editor, http://id.loc.gov/vocabulary/relators/edt)
Format: Electronic eBook
Language:English
Published: Cham : Springer International Publishing : Imprint: Springer, 2019.
Edition:1st ed. 2019.
Series:Ius Comparatum - Global Studies in Comparative Law, 33
Subjects:
Online Access:Full Text via HEAL-Link
LEADER 04510nam a2200553 4500
001 978-3-030-18054-6
003 DE-He213
005 20191026222312.0
007 cr nn 008mamaa
008 190905s2019 gw | s |||| 0|eng d
020 |a 9783030180546  |9 978-3-030-18054-6 
024 7 |a 10.1007/978-3-030-18054-6  |2 doi 
040 |d GrThAP 
050 4 |a K7000-7720.22 
050 4 |a K7073-7078 
072 7 |a LB  |2 bicssc 
072 7 |a LAW051000  |2 bisacsh 
072 7 |a LB  |2 thema 
072 7 |a LAM  |2 thema 
082 0 4 |a 340.9  |2 23 
082 0 4 |a 340.2  |2 23 
245 1 0 |a Information Obligations and Disinformation of Consumers  |h [electronic resource] /  |c edited by Gert Straetmans. 
250 |a 1st ed. 2019. 
264 1 |a Cham :  |b Springer International Publishing :  |b Imprint: Springer,  |c 2019. 
300 |a XII, 561 p. 1 illus. in color.  |b online resource. 
336 |a text  |b txt  |2 rdacontent 
337 |a computer  |b c  |2 rdamedia 
338 |a online resource  |b cr  |2 rdacarrier 
347 |a text file  |b PDF  |2 rda 
490 1 |a Ius Comparatum - Global Studies in Comparative Law,  |x 2214-6881 ;  |v 33 
505 0 |a Part I General Report -- Information obligations and disinformation of consumers -- Part II National Reports - European Union -- United Kingdom -- Germany -- France -- Italy -- Greece -- Romania -- Poland -- Czech Republic -- Republic of Ireland -- Finland -- Part III National Report - Euro-Asian Region -- Turkey -- Part IV National Reports - Asia -- Japan -- Singapore -- Taiwan -- China (and Macau) -- Part V National Reports - North and South America -- Canada -- Brazil -- Appendix. . 
520 |a This book focuses on recent developments in consumer law, specifically addressing mandatory disclosures and the topical problem of information overload. It provides a comparative analysis based on national reports from countries with common law and civil law traditions in Asia, America and Europe, and presents the reports in the form of chapters that have been drafted on the basis of a questionnaire, and which use the same structure as the questionnaire to allow them to be easily compared. The book starts with an analysis of the basic assumptions underlying the current consumer protection models and examines whether and how consumer models adapt to the new market conditions. The second part addresses the information obligations themselves, first highlighting the differences in the reported countries before narrowing the analysis down to countries with a general pre-contractual information duty, particularly the transparency requirements that often come with such a duty. The next part examines recent developments in the law on food labelling, commercial practices and unfair contract terms in order to identify whether similar traits can be found in European and non-European jurisdictions. The fourth part of the book focuses on specific information obligations in the financial services and e-commerce sectors, discussing the fact that legislators are experimenting with different forms of summary disclosures in these sectors. The final part provides a critical appraisal of the recent developments in consumer information obligations, addressing the question of whether the multiple criticisms from behavioural sciences necessitate abandonment or refinement of current consumer information models in favour of new, more adequate forms of consumer protection, and providing suggestions. 
650 0 |a Private international law. 
650 0 |a Conflict of laws. 
650 0 |a Commercial law. 
650 0 |a Customer relations-Management. 
650 1 4 |a Private International Law, International & Foreign Law, Comparative Law .  |0 http://scigraph.springernature.com/things/product-market-codes/R14002 
650 2 4 |a Commercial Law.  |0 http://scigraph.springernature.com/things/product-market-codes/R12026 
650 2 4 |a Customer Relationship Management.  |0 http://scigraph.springernature.com/things/product-market-codes/513050 
700 1 |a Straetmans, Gert.  |e editor.  |4 edt  |4 http://id.loc.gov/vocabulary/relators/edt 
710 2 |a SpringerLink (Online service) 
773 0 |t Springer eBooks 
776 0 8 |i Printed edition:  |z 9783030180539 
776 0 8 |i Printed edition:  |z 9783030180553 
776 0 8 |i Printed edition:  |z 9783030180560 
830 0 |a Ius Comparatum - Global Studies in Comparative Law,  |x 2214-6881 ;  |v 33 
856 4 0 |u https://doi.org/10.1007/978-3-030-18054-6  |z Full Text via HEAL-Link 
912 |a ZDB-2-LCR 
950 |a Law and Criminology (Springer-41177)